书目信息 |
| 题名: |
法国文学史教程
|
|
| 作者: | 郑克鲁 著 | |
| 分册: | ||
| 出版信息: | 北京 北京大学出版社 2008.01 |
|
| 页数: | 394页 | |
| 开本: | 23cm | |
| 丛书名: | 博雅大学堂 | |
| 单 册: | ||
| 中图分类: | I565.09 | |
| 科图分类: | ||
| 主题词: | 文学史--法国--高等教育--教材 , 文学史 | |
| 电子资源: | ||
| ISBN: | 978-7-301-12144-3 | |
| 000 | 00977oam2 2200277 450 | |
| 001 | 010030009927 | |
| 005 | 20091208160620.54 | |
| 010 | @a978-7-301-12144-3@dCNY36.00 | |
| 100 | @a20080301d2008 em y0chiy0110 ea | |
| 101 | 0 | @achi |
| 102 | @aCN@b110000 | |
| 105 | @ay z 000yy | |
| 106 | @ar | |
| 200 | 1 | @a法国文学史教程@9fa guo wen xue shi jiao cheng@f郑克鲁著 |
| 210 | @a北京@c北京大学出版社@d2008.01 | |
| 215 | @a394页@d23cm | |
| 225 | 2 | @a博雅大学堂@i文学 |
| 300 | @a普通高等教育“十一五”国家级规划教材 教育部国家重点学科“比较文学与世界文学”教材系列 | |
| 330 | @a本书内容主要包括:中世纪文学、文艺复兴时期文学、古典主义文学、启蒙时期文学、19世纪浪漫主义文学、19世纪现实主义文学、巴那斯派、象征和自然主义文学等。 | |
| 462 | 0 | @12001 @a博雅大学堂@i文学 |
| 606 | 0 | @a文学史@y法国@x高等教育@j教材 |
| 606 | 0 | @a文学史 |
| 690 | @aI565.09@v4 | |
| 701 | 0 | @a郑克鲁@9zheng ke lu@4著 |
| 801 | 0 | @aCN@bRENTIAN@c20091208 |
| 905 | @b20794882-87@dI565.09@e477@f6 | |
| 法国文学史教程/郑克鲁著.-北京:北京大学出版社,2008.01 |
| 394页;23cm.-(博雅大学堂.文学) |
| 普通高等教育“十一五”国家级规划教材 教育部国家重点学科“比较文学与世界文学”教材系列 |
| ISBN 978-7-301-12144-3:CNY36.00 |
| 本书内容主要包括:中世纪文学、文艺复兴时期文学、古典主义文学、启蒙时期文学、19世纪浪漫主义文学、19世纪现实主义文学、巴那斯派、象征和自然主义文学等。 |
| ● |
| 相关链接 |
|
|
|
|
正题名:法国文学史教程
索取号:I565.09/477
 
预约/预借
| 序号 | 登录号 | 条形码 | 馆藏地/架位号 | 状态 | 备注 |
| 1 | 794882 | 207948827 | 第一样本阅览室/ [索取号:I565.09/477] | 在馆 | |
| 2 | 794883 | 207948836 | 第二借阅区/ [索取号:I565.09/477] | 在馆 | |
| 3 | 794884 | 207948845 | 第二借阅区/ [索取号:I565.09/477] | 在馆 | |
| 4 | 794885 | 207948854 | 第二借阅区/ [索取号:I565.09/477] | 在馆 | |
| 5 | 794886 | 207948863 | 第二借阅区/ [索取号:I565.09/477] | 在馆 | |
| 6 | 794887 | 207948872 | 密集书库-文学院/ [索取号:I565.09/477] | 在馆 |